Равнинный карст и закономерности его развития на примере Среднего Поволжья / (Record no. 467097)
[ view plain ]
| 000 -LEADER | |
|---|---|
| fixed length control field | 00778nam-a2200193-a-4500 |
| 001 - CONTROL NUMBER | |
| control field | YSU0145774 |
| 003 - CONTROL NUMBER IDENTIFIER | |
| control field | AM-YeHGA |
| 005 - DATE AND TIME OF LATEST TRANSACTION | |
| control field | 20250617161200.0 |
| 008 - FIXED-LENGTH DATA ELEMENTS--GENERAL INFORMATION | |
| fixed length control field | 990615s1967 xxu 000 0 rus u |
| 020 ## - INTERNATIONAL STANDARD BOOK NUMBER | |
| Terms of availability | 1.89 |
| 040 ## - CATALOGING SOURCE | |
| Original cataloging agency | AM-YeHGA |
| 090 ## - LOCALLY ASSIGNED LC-TYPE CALL NUMBER (OCLC); LOCAL CALL NUMBER (RLIN) | |
| -- | 470323 |
| 100 10 - MAIN ENTRY--PERSONAL NAME | |
| Personal name | Ступишин, Александр Владимирович |
| 245 10 - TITLE STATEMENT | |
| Title | Равнинный карст и закономерности его развития на примере Среднего Поволжья / |
| Statement of responsibility, etc. | А.В. Ступишин ; Под ред. В.Н. Сементовского |
| 260 0# - PUBLICATION, DISTRIBUTION, ETC. | |
| Place of publication, distribution, etc. | Казань : |
| Name of publisher, distributor, etc. | Казанского гос. ун-та , |
| Date of publication, distribution, etc. | 1967. |
| 300 ## - PHYSICAL DESCRIPTION | |
| Extent | 291 с. |
| 650 #4 - SUBJECT ADDED ENTRY--TOPICAL TERM | |
| Topical term or geographic name entry element | Физическая география |
| 700 1# - ADDED ENTRY--PERSONAL NAME | |
| Personal name | Сементовский, В.Н. |
| Relationship | edt |
| Withdrawn status | Lost status | Damaged status | Not for loan | Collection | Home library | Current library | Date acquired | Total checkouts | Full call number | Barcode | Date last seen | Price effective from | Koha item type | Public note | Source of classification or shelving scheme |
|---|---|---|---|---|---|---|---|---|---|---|---|---|---|---|---|
| General | Fundamental Scientific Library | Fundamental Scientific Library | 01/03/2018 | PIII/23873 | FL0485017 | 01/03/2018 | 01/03/2018 | Գրքեր / Books | 30 Days Loan | ||||||
| General | Fundamental Scientific Library | Fundamental Scientific Library | 01/03/2018 | PIII/24063 | FL0486501 | 01/03/2018 | 01/03/2018 | Գրքեր / Books | 30 Days Loan | Universal Decimal Classification |
ՀՀ Գիտությունների ազգային ակադեմիայի հիմնարար գիտական գրադարան = Fundamental Scientific Library of NAS RA
All site content, except where otherwise noted, is licensed under a